<?xml version="1.0" encoding="UTF-8"?>
<record
    xmlns:xsi="http://www.w3.org/2001/XMLSchema-instance"
    xsi:schemaLocation="http://www.loc.gov/MARC21/slim http://www.loc.gov/standards/marcxml/schema/MARC21slim.xsd"
    xmlns="http://www.loc.gov/MARC21/slim">

  <leader>00813nam a2200229Ia 4500</leader>
  <controlfield tag="003">DO-SdBJH</controlfield>
  <controlfield tag="005">20180413023718.0</controlfield>
  <controlfield tag="008">180411s9999    dr            000 0 spa d</controlfield>
  <datafield tag="020" ind1=" " ind2=" ">
    <subfield code="a">978-9945-074-13-0</subfield>
  </datafield>
  <datafield tag="040" ind1=" " ind2=" ">
    <subfield code="a">DO-SdBJH</subfield>
    <subfield code="b">spa</subfield>
    <subfield code="c">DO-SdBJH</subfield>
  </datafield>
  <datafield tag="041" ind1=" " ind2=" ">
    <subfield code="a">spa</subfield>
  </datafield>
  <datafield tag="082" ind1=" " ind2=" ">
    <subfield code="a">RD 624 A173p</subfield>
  </datafield>
  <datafield tag="100" ind1="1" ind2=" ">
    <subfield code="a">Acevedo, Octavio A</subfield>
  </datafield>
  <datafield tag="245" ind1="1" ind2="0">
    <subfield code="a">Problemas y t&#xF3;picos t&#xE9;cnicos y cient&#xED;ficos / Octavio A. Acevedo</subfield>
  </datafield>
  <datafield tag="260" ind1=" " ind2=" ">
    <subfield code="a">Santo Domingo : Archivo General de la Naci&#xF3;n, 2010</subfield>
  </datafield>
  <datafield tag="300" ind1=" " ind2=" ">
    <subfield code="a">342 p&#xE1;ginas</subfield>
  </datafield>
  <datafield tag="490" ind1=" " ind2=" ">
    <subfield code="a">Archivo General de la Naci&#xF3;n</subfield>
  </datafield>
  <datafield tag="505" ind1=" " ind2=" ">
    <subfield code="a">VOL. I|V&#xED;as de comunicaci&#xF3;n 19|Ferrocarril del este 19|Pavimentos 31|Ladrillos vitrificados o represados 33|Adoquines de madera 37|Las calles de la Capital 39</subfield>
  </datafield>
  <datafield tag="650" ind1=" " ind2="4">
    <subfield code="a">Construcci&#xF3;n</subfield>
  </datafield>
  <datafield tag="942" ind1=" " ind2=" ">
    <subfield code="2">ddc</subfield>
    <subfield code="c">BK</subfield>
  </datafield>
  <datafield tag="999" ind1=" " ind2=" ">
    <subfield code="c">2566</subfield>
    <subfield code="d">2566</subfield>
  </datafield>
  <datafield tag="952" ind1=" " ind2=" ">
    <subfield code="0">0</subfield>
    <subfield code="1">0</subfield>
    <subfield code="2">ddc</subfield>
    <subfield code="4">0</subfield>
    <subfield code="7">0</subfield>
    <subfield code="8">RD</subfield>
    <subfield code="a">BAMBC</subfield>
    <subfield code="b">BAMBC</subfield>
    <subfield code="c">GEN</subfield>
    <subfield code="d">2018-05-23</subfield>
    <subfield code="i">18-AERD-03431</subfield>
    <subfield code="l">0</subfield>
    <subfield code="o">RD 624 A173p</subfield>
    <subfield code="p">18-AERD-03431</subfield>
    <subfield code="r">2018-05-23 00:00:00</subfield>
    <subfield code="t">Ej.1</subfield>
    <subfield code="w">2018-05-23</subfield>
    <subfield code="y">BK</subfield>
  </datafield>
  <datafield tag="952" ind1=" " ind2=" ">
    <subfield code="0">0</subfield>
    <subfield code="1">0</subfield>
    <subfield code="2">ddc</subfield>
    <subfield code="4">0</subfield>
    <subfield code="7">0</subfield>
    <subfield code="8">RD</subfield>
    <subfield code="a">BAMBC</subfield>
    <subfield code="b">BAMBC</subfield>
    <subfield code="c">GEN</subfield>
    <subfield code="d">2018-05-23</subfield>
    <subfield code="i">18-AERD-03432</subfield>
    <subfield code="l">0</subfield>
    <subfield code="o">RD 624 A173p</subfield>
    <subfield code="p">18-AERD-03432</subfield>
    <subfield code="r">2018-05-23 00:00:00</subfield>
    <subfield code="t">Ej.2</subfield>
    <subfield code="w">2018-05-23</subfield>
    <subfield code="y">BK</subfield>
  </datafield>
</record>
